[Event "Porto-ch U12"]
[Site "Porto"]
[Date "2002.02.02"]
[Round "6.2"]
[White "Andrade, Francisco"]
[Black "Cameira, Duarte"]
[Result "0-1"]
[WhiteElo "1218"]
[BlackElo "1240"]
[PlyCount "32"]
[EventDate "2002.02.??"]
[EventType "swiss"]
[EventRounds "7"]
[EventCountry "POR"]
[SourceTitle "EXT 2003"]
[Source "ChessBase"]
[SourceDate "2002.11.25"]
[SourceVersion "1"]
[SourceVersionDate "2002.11.25"]
[SourceQuality "1"]

1. e4 e5 2. Nf3 Nc6 3. Bb5 Bc5 4. Nxe5 Nxe5 5. d4 Bd6 6. dxe5 Bxe5 7. 0-0 Nf6 8. Ba4 0-0 9. Bg5 Bxb2 10. Bxf6 Qxf6 11. c3 Bxa1 12. Bc2 Bxc3 13. Qh5 h6 14. Rd1 Bd4 15. Rd3 Qxf2+ 16. Kh1 Qf1# 0-1